书目信息 |
| 题名: |
中国古代教育家语录类编
|
|
| 作者: | 顾树森 编著 | |
| 分册: | 上册 | |
| 出版信息: | 上海 上海教育出版社 1983 |
|
| 页数: | 254页 | |
| 开本: | 21cm | |
| 丛书名: | ||
| 单 册: | ||
| 中图分类: | G40-092.2 , G529.2 , G40 | |
| 科图分类: | ||
| 主题词: | 教育家--语录--中国--古代 | |
| 电子资源: | ||
| ISBN: | ||
| 000 | 00694nam0 2200253 450 | |
| 001 | 1550264432 | |
| 005 | 20150127135910.42 | |
| 010 | @dCNY0.05 | |
| 091 | @a7150.1239@dCNY1.05 | |
| 100 | @a20070926d1983 em y0chiy0121 ea | |
| 101 | 0 | @achi |
| 102 | @aCN@b310000 | |
| 105 | @ay z 000yd | |
| 200 | 1 | @a中国古代教育家语录类编@9zhong guo gu dai jiao yu jia yu lu lei bian@h上册@f顾树森编著 |
| 205 | @a第2版 | |
| 210 | @a上海@c上海教育出版社@d1983 | |
| 215 | @a254页@d21cm | |
| 606 | 0 | @a教育家@x语录@y中国@z古代 |
| 690 | @aG40-092.2@v5 | |
| 690 | @aG529.2@v5 | |
| 690 | @aG40@v4 | |
| 701 | 0 | @a顾树森@9gu shu sen@4编著 |
| 801 | 0 | @aCN@bTSSF@c20150127 |
| 905 | @aZUCC@dG40@eJY93:1=2 | |
| 中国古代教育家语录类编.上册/顾树森编著.-第2版.-上海:上海教育出版社,1983 |
| 254页;21cm |
| ISBN :CNY0.05 |
| ● |
| 相关链接 |
|
|
|
|
正题名:中国古代教育家语录类编
索取号:G40/JY93:1=2
 
预约/预借
| 序号 | 登录号 | 条形码 | 馆藏地/架位号 | 状态 | 备注 |
| 1 | 7838065 | 278380654 | 学院路分馆/ [索取号:G40/JY93:1=2] | 在馆 |